Statistics for 2017 UEFA European Under-21 Championship: Germany squad

Click here to take the quiz!

General Stats

  • This quiz has been taken 21 times
  • The average score is 8 of 24

Answer Stats

#PositionTeamPlayer% Correct
12GK1. FC KaiserslauternJulian Pollersbeck
63%
7MFSchalke 04Max Meyer
58%
CoachStefan Kuntz
53%
10MFVfL WolfsburgMaximilian Arnold
47%
23GKPanathinaikosOdisseas Vlachodimos
47%
13FWDarmstadt 98Felix Platte
37%
11FWWerder BremenSerge Gnabry
37%
4DFHannover 96Waldemar Anton
37%
9FWRB LeipzigDavie Selke
32%
6DFHamburger SVGideon Jung
32%
8MFBorussia MönchengladbachMahmoud Dahoud
32%
5DFHertha BSCNiklas Stark
32%
2DF1899 HoffenheimJeremy Toljan
26%
14DF1. FC KölnLukas Klünter
26%
1GKDynamo DresdenMarvin Schwäbe
26%
18MF1899 HoffenheimNadiem Amiri
26%
16DFSchalke 04Thilo Kehrer
26%
19MFSC FreiburgJanik Haberer
21%
17MFHertha BSCMitchell Weiser
21%
3DFVfL WolfsburgYannick Gerhardt
21%
21MFFC AugsburgDominik Kohr
16%
20MFMainz 05Levin Öztunalı
16%
15DFSC FreiburgMarc-Oliver Kempf
16%
22FWSC FreiburgMaximilian Philipp
11%

Score Distribution

Percentile by Number Answered

Percent of People with Each Score

Your Score History

You have not taken this quiz